My Wife and Kids - Statistics

General Stats
  • This quiz has been taken 123 times
  • The average score is 10 of 15
Answer Stats
Hint Answer % Correct
How many children do they have? 3
99%
Who is the mother? Jay/Janet
97%
Who is the father? Michael
97%
What is the family name? Kyle
91%
in which season was Claire replaced? Season 2
91%
In what season finale do we find out Vanessa is pregnant? Season 4
86%
what is the youngest's boyfriend's name? Franklin
81%
Who is Michael's idol? Michael Jordan
80%
What are their names? Junior, Claire and Kady
75%
Who is Claire's boyfriend? Tony
75%
Who is he devoted to? God/ Christianity
56%
Which two places do we see the family take their vacations? Hawaii and the Bahamas
17%
The show ended on which clifhanger? Jay is pregnant
16%
What does Jay lose her job as in season 1? Broker
5%
What is Michael's job? Owner of Kyle Trucking
0%
No matching quizzes found
Score Distribution
Percent of People with Each Score
Percentile by Number Answered
Your Score History
You have not taken this quiz